La empresa dirección y administración : curso de dirección de la producción :
| Main Author: | |
|---|---|
| Format: | Section = Libro |
| Language: | Undetermined Spanish |
| Published: |
Barcelona
Plaza & Janes Editores S.A
1992
|
| Subjects: |
| LEADER | 00687nam a2200217Ia 4500 | ||
|---|---|---|---|
| 008 | 240829s9999 xx 000 0 und d | ||
| 020 | |a 84-01-61169-5 | ||
| 040 | |a BIBLIOTECA-RUSB/ Ref 658.5 P896 | ||
| 041 | |a spa | ||
| 082 | |a Ref 658.5 P896 | ||
| 100 | 1 | |a Prado, Juan Manuel | |
| 245 | 1 | 0 | |a La empresa dirección y administración : curso de dirección de la producción : |
| 260 | |a Barcelona |b Plaza & Janes Editores S.A |c 1992 | ||
| 300 | |a p. irreg. :il. | ||
| 650 | 7 | |a ADMINISTRACION DE LA PRODUCCIÓN | |
| 650 | 7 | |b ADMINISTRACION INDUSTRIAL | |
| 650 | 7 | |c PLANIFICACION DE PRODUCCIÓN | |
| 650 | 7 | |d AUTOMATIZACION Y ROBOTICA | |
| 942 | |c BK |2 ddc | ||
| 991 | |a TEXTO | ||
| 999 | |c 6220 | ||